000 00787nam a2200253 i 4500
001 10406
003 ES-MaACL
005 20250815164338.0
007 t|
008 950607s1975 sp |||| | spa d
020 _a84-220-0715-0
080 _a28
100 1 _aPareja, Félix M.
_989060
245 1 3 _aLa religiosidad musulmana /
_cpor Félix M. Pareja.
260 _aMadrid :
_bLa Editorial Católica,
_c1975.
300 _aXVI, 487 p. ;
_c20 cm.
490 1 _aBiblioteca de autores cristianos ;
_v374.
_aSemina Verbi
500 _aÍndice.
504 _aBibliografía: p. [XIII]-XVI.
650 7 _aIslamismo
_2embne
_913903
830 0 0 _aBiblioteca de autores cristianos.
_pSemina verbi
_v374.
_9178690
852 _aES-MaACL
_jJ-367
999 _c10406
_d10406